000 00289nam a22001337a 4500
008 180911b xxu||||| |||| 00| 0 eng d
020 _a0275856909
041 _aeng
080 _a338
100 _a54
101 _aMNG
245 _aCost-Benefit Analysis
_cMishan, E.J
942 _2udc
_cBK
999 _c47680
_d47680